[Event "IBCA-ol blind 14th"]
[Site "Chennai"]
[Date "2012.08.17"]
[Round "7.2"]
[White "Bibikov, Yuriy"]
[Black "Marendic, Vlatko"]
[Result "1/2-1/2"]
[WhiteElo "2038"]
[BlackElo "2073"]
[PlyCount "47"]
[EventDate "2012.08.10"]
[EventType "team-swiss"]
[EventRounds "9"]
[EventCountry "IND"]
[SourceTitle "CBM 149 Extra"]
[Source "ChessBase"]
[SourceDate "2012.08.24"]
[SourceVersion "1"]
[SourceVersionDate "2012.08.24"]
[SourceQuality "1"]
[WhiteTeam "Kazakhstan"]
[BlackTeam "Croatia"]
[WhiteTeamCountry "KAZ"]
[BlackTeamCountry "CRO"]

1. c4 c5 2. Nc3 b6 3. Nf3 e6 4. e3 Be7 5. Be2 Nf6 6. 0-0 0-0 7. b3 Bb7 8. Bb2 d5 9. cxd5 Nxd5 10. d4 Nd7 11. Rc1 Rc8 12. Bd3 Nxc3 13. Bxc3 Nf6 14. Qe2 Ne4 15. Bb2 Qd5 16. Ba6 Bxa6 17. Qxa6 Rc7 18. Rfd1 Qa8 19. b4 Rfc8 20. dxc5 bxc5 21. bxc5 Rxc5 22. Rxc5 Nxc5 23. Qe2 Qb7 24. h3 1/2-1/2

[Event "IBCA-ol blind 14th"]
[Site "Chennai"]
[Date "2012.08.14"]
[Round "5.2"]
[White "Marendic, Vlatko"]
[Black "Rico Hernandez, Edgar"]
[Result "0-1"]
[WhiteElo "2073"]
[BlackElo "1884"]
[PlyCount "34"]
[EventDate "2012.08.10"]
[EventType "team-swiss"]
[EventRounds "9"]
[EventCountry "IND"]
[SourceTitle "CBM 149 Extra"]
[Source "ChessBase"]
[SourceDate "2012.08.24"]
[SourceVersion "1"]
[SourceVersionDate "2012.08.24"]
[SourceQuality "1"]
[WhiteTeam "Croatia"]
[BlackTeam "Columbia"]
[WhiteTeamCountry "CRO"]
[BlackTeamCountry "COL"]

1. d4 Nf6 2. Nf3 b6 3. Bg5 e6 4. Nbd2 Bb7 5. e3 Be7 6. Bd3 d6 7. c3 Nbd7 8. Qc2 Rc8 9. Bxf6 Nxf6 10. Qa4+ Nd7 11. Qxa7 Bc6 12. Qa3 Ra8 13. Qb3 Ba4 14. Qb4 d5 15. Bb5 Bxb4 16. Bc6 Bd6 17. Bxa8 Qxa8 0-1

[Event "IBCA-ol blind 14th"]
[Site "Chennai"]
[Date "2012.08.10"]
[Round "1.2"]
[White "Marendic, Vlatko"]
[Black "Pirosca, Alexandru"]
[Result "0-1"]
[WhiteElo "2073"]
[BlackElo "2015"]
[PlyCount "98"]
[EventDate "2012.08.10"]
[EventType "team-swiss"]
[EventRounds "9"]
[EventCountry "IND"]
[SourceTitle "CBM 149 Extra"]
[Source "ChessBase"]
[SourceDate "2012.08.24"]
[SourceVersion "1"]
[SourceVersionDate "2012.08.24"]
[SourceQuality "1"]
[WhiteTeam "Croatia"]
[BlackTeam "Romania"]
[WhiteTeamCountry "CRO"]
[BlackTeamCountry "ROU"]

1. d4 Nf6 2. Nf3 g6 3. Nbd2 d5 4. b4 Bg7 5. e3 0-0 6. c4 b6 7. Qb3 c5 8. dxc5 Ne4 9. Bb2 Bxb2 10. Qxb2 bxc5 11. Nxe4 dxe4 12. Nd2 cxb4 13. Qxb4 Na6 14. Qc3 Nc5 15. Be2 Bb7 16. 0-0 Qc7 17. Rfc1 Rfd8 18. Nb3 Rac8 19. Qa5 Qxa5 20. Nxa5 Rd2 21. Bf1 Ba6 22. Nb3 Rb2 23. Nxc5 Rxc5 24. Rc3 Kf8 25. Ra3 Rc6 26. Rc1 Ke8 27. Ra5 Kd8 28. c5 Bxf1 29. Kxf1 a6 30. Rd1+ Kc7 31. Rd4 f5 32. g4 Rb5 33. Rxb5 axb5 34. gxf5 gxf5 35. a4 Rxc5 36. axb5 Rxb5 37. Kg2 Rb6 38. Kg3 e5 39. Rd5 Re6 40. h3 Kc6 41. Rd2 Rg6+ 42. Kh4 f4 43. Ra2 Rg2 44. Ra5 Kd6 45. Ra6+ Kd5 46. Ra5+ Ke6 47. Ra6+ Kf5 48. Rh6 Rxf2 49. Rxh7 fxe3 0-1

[Event "Zagreb op-B"]
[Site "Zagreb"]
[Date "2012.03.10"]
[Round "6"]
[White "Dutina, Dario"]
[Black "Marendic, Vlatko"]
[Result "1-0"]
[WhiteElo "2297"]
[BlackElo "2117"]
[PlyCount "43"]
[EventDate "2012.03.05"]
[EventType "swiss"]
[EventRounds "9"]
[EventCountry "CRO"]
[SourceTitle "CBM 147 Extra"]
[Source "ChessBase"]
[SourceDate "2012.04.24"]
[SourceVersion "1"]
[SourceVersionDate "2012.04.24"]
[SourceQuality "1"]

1. e4 c5 2. Nc3 Nc6 3. f4 d6 4. Nf3 g6 5. Bb5 Bg7 6. Bxc6+ bxc6 7. 0-0 Nf6 8. d3 0-0 9. Qe1 Rb8 10. f5 Ng4 11. Qh4 Ne5 12. Ng5 h6 13. Nh3 g5 14. Bxg5 hxg5 15. Nxg5 Re8 16. Qh7+ Kf8 17. Ne6+ Bxe6 18. fxe6 Qc8 19. exf7 Nxf7 20. Rxf7+ Kxf7 21. Rf1+ Ke6 22. Qf5# 1-0

[Event "Zagreb op-B"]
[Site "Zagreb"]
[Date "2012.03.07"]
[Round "3"]
[White "Marendic, Vlatko"]
[Black "Medancic, Rikard"]
[Result "0-1"]
[WhiteElo "2117"]
[BlackElo "2252"]
[PlyCount "75"]
[EventDate "2012.03.05"]
[EventType "swiss"]
[EventRounds "9"]
[EventCountry "CRO"]
[SourceTitle "CBM 147 Extra"]
[Source "ChessBase"]
[SourceDate "2012.04.24"]
[SourceVersion "1"]
[SourceVersionDate "2012.04.24"]
[SourceQuality "1"]

1. d4 Nf6 2. Nf3 e6 3. e3 b6 4. Bd3 Bb7 5. Nbd2 c5 6. 0-0 Nc6 7. c3 Qc7 8. Qe2 Be7 9. a3 Nd5 10. Nc4 g5 11. e4 Nf4 12. Bxf4 Qxf4 13. g3 Qc7 14. d5 Nb8 15. Ne3 h5 16. c4 g4 17. Ne1 Qe5 18. f4 gxf3 19. Nxf3 Qg7 20. Kh1 d6 21. b4 Nd7 22. Rab1 Bf6 23. Ng2 0-0-0 24. Qf2 h4 25. Nfxh4 Bxh4 26. Nxh4 Ne5 27. Be2 f5 28. Ng2 Ng4 29. Bxg4 Qxg4 30. Nf4 e5 31. Ne6 Qxe4+ 32. Qg2 Qxc4 33. Nxd8 Bxd5 34. Rf3 Rxd8 35. h4 Qg4 36. Rbf1 Rg8 37. Kh2 f4 38. Qe2 0-1

[Event "IBCA EU-ch blind 05th"]
[Site "Rhodes"]
[Date "2011.09.07"]
[Round "2"]
[White "Marendic, Vlatko"]
[Black "Dukaczewski, Piotr"]
[Result "0-1"]
[WhiteElo "2132"]
[BlackElo "2310"]
[PlyCount "84"]
[EventDate "2011.09.06"]
[EventType "swiss"]
[EventRounds "9"]
[EventCountry "GRE"]
[SourceTitle "CBM 144 Extra"]
[Source "ChessBase"]
[SourceDate "2011.10.28"]
[SourceVersion "1"]
[SourceVersionDate "2011.10.28"]
[SourceQuality "1"]

1. d4 Nf6 2. Nf3 g6 3. Nbd2 Bg7 4. e4 d6 5. Bd3 0-0 6. 0-0 a6 7. a4 Nc6 8. Re1 e5 9. c3 Nh5 10. Nb3 Bg4 11. Be2 Nf4 12. Bxf4 exf4 13. Qd2 Bh6 14. h3 Bd7 15. Bf1 Kh8 16. Nc1 g5 17. Nd3 Rg8 18. Nh2 Rg6 19. f3 Bg7 20. Nf2 h5 21. b4 a5 22. b5 Ne7 23. Rad1 d5 24. Bd3 Rh6 25. Nf1 c6 26. h4 Ng6 27. exd5 Nxh4 28. dxc6 bxc6 29. Ne4 Bh3 30. Nh2 Nxg2 31. Re2 Ne3 32. Rb1 g4 33. fxg4 hxg4 34. b6 f5 35. Nc5 Qh4 36. Rxe3 fxe3 37. Qxe3 f4 38. b7 Rf8 39. Qe1 Qxe1+ 40. Rxe1 f3 41. Rb1 f2+ 42. Kh1 g3 0-1

[Event "IBCA EU-ch blind 05th"]
[Site "Rhodes"]
[Date "2011.09.06"]
[Round "1"]
[White "Benkunskiene, Violeta"]
[Black "Marendic, Vlatko"]
[Result "0-1"]
[WhiteElo "1543"]
[BlackElo "2132"]
[PlyCount "38"]
[EventDate "2011.09.06"]
[EventType "swiss"]
[EventRounds "9"]
[EventCountry "GRE"]
[SourceTitle "CBM 144 Extra"]
[Source "ChessBase"]
[SourceDate "2011.10.28"]
[SourceVersion "1"]
[SourceVersionDate "2011.10.28"]
[SourceQuality "1"]

1. e4 c5 2. Nc3 Nc6 3. g3 Rb8 4. Bg2 g6 5. d3 Bg7 6. Be3 d6 7. Qd2 b5 8. Nge2 b4 9. Nd1 Nd4 10. c3 bxc3 11. bxc3 Nxe2 12. Qxe2 Qa5 13. Qd2 Bg4 14. f3 Bd7 15. 0-0 h5 16. h4 Nf6 17. d4 cxd4 18. cxd4 Qxd2 19. Bxd2 Nxe4 0-1

[Event "Split op 1st"]
[Site "Split"]
[Date "2011.08.13"]
[Round "9"]
[White "Zelic, Mladen"]
[Black "Marendic, Vlatko"]
[Result "1-0"]
[WhiteElo "2270"]
[BlackElo "2125"]
[PlyCount "59"]
[EventDate "2011.08.05"]
[EventType "swiss"]
[EventRounds "9"]
[EventCountry "CRO"]
[SourceTitle "CBM 143 Extra"]
[Source "ChessBase"]
[SourceDate "2011.08.29"]
[SourceVersion "1"]
[SourceVersionDate "2011.08.29"]
[SourceQuality "1"]

1. e4 c5 2. d4 cxd4 3. c3 dxc3 4. Nxc3 Nc6 5. Nf3 d6 6. Bc4 a6 7. 0-0 Nf6 8. Bf4 Bg4 9. h3 Bxf3 10. Qxf3 e6 11. Rfd1 Qb8 12. Be2 Ne5 13. Qg3 Be7 14. Bxe5 dxe5 15. Qxg7 Rg8 16. Qh6 Rg6 17. Qe3 b5 18. Rac1 Kf8 19. a4 b4 20. Na2 Qa7 21. Qxa7 Rxa7 22. Rc4 a5 23. Nc1 Nd7 24. Rc8+ Kg7 25. Nd3 f5 26. Bf3 Rf6 27. Rdc1 Rf8 28. R8c7 Rxc7 29. Rxc7 Rd8 30. exf5 1-0

[Event "Split op 1st"]
[Site "Split"]
[Date "2011.08.12"]
[Round "8"]
[White "Marendic, Vlatko"]
[Black "Licina, Zoran"]
[Result "1/2-1/2"]
[WhiteElo "2125"]
[BlackElo "2273"]
[PlyCount "46"]
[EventDate "2011.08.05"]
[EventType "swiss"]
[EventRounds "9"]
[EventCountry "CRO"]
[SourceTitle "CBM 143 Extra"]
[Source "ChessBase"]
[SourceDate "2011.08.29"]
[SourceVersion "1"]
[SourceVersionDate "2011.08.29"]
[SourceQuality "1"]

1. d4 Nf6 2. Nf3 g6 3. Nc3 d5 4. Bf4 Bg7 5. e3 0-0 6. Be2 c5 7. Ne5 Nc6 8. h4 h5 9. Bf3 Bf5 10. 0-0 Ne4 11. Ne2 Nxe5 12. dxe5 e6 13. Bxe4 Bxe4 14. f3 Bf5 15. Ng3 Qxh4 16. Nxf5 gxf5 17. Rf2 Qe7 18. g4 hxg4 19. fxg4 f6 20. exf6 Qxf6 21. Rg2 d4 22. g5 Qg6 23. Qf3 e5 1/2-1/2

[Event "Split op 1st"]
[Site "Split"]
[Date "2011.08.09"]
[Round "5"]
[White "Marendic, Vlatko"]
[Black "Marinic Kragic, Miroslav"]
[Result "1-0"]
[WhiteElo "2125"]
[BlackElo "1943"]
[PlyCount "62"]
[EventDate "2011.08.05"]
[EventType "swiss"]
[EventRounds "9"]
[EventCountry "CRO"]
[SourceTitle "CBM 143 Extra"]
[Source "ChessBase"]
[SourceDate "2011.08.29"]
[SourceVersion "1"]
[SourceVersionDate "2011.08.29"]
[SourceQuality "1"]

1. d4 Nf6 2. Nf3 d5 3. e3 c5 4. Nbd2 Nc6 5. b3 cxd4 6. exd4 Bf5 7. a3 e6 8. Bb2 Bd6 9. Nh4 Bg4 10. Be2 Bxe2 11. Qxe2 0-0 12. Nhf3 Qc7 13. Ne5 Nd7 14. Nxd7 Qxd7 15. Nf3 f6 16. c4 Rae8 17. 0-0 Bb8 18. Rad1 Ne7 19. Qd3 Ng6 20. g3 e5 21. dxe5 fxe5 22. Ng5 d4 23. Ne4 Qh3 24. Ng5 Qh5 25. Bc1 h6 26. Ne4 Rf3 27. Qe2 Nf4 28. Bxf4 exf4 29. Rd3 fxg3 30. fxg3 Rxf1+ 31. Qxf1 Qg6 1-0

[Event "Split op 1st"]
[Site "Split"]
[Date "2011.08.08"]
[Round "4"]
[White "Biliskov, Vjekoslav"]
[Black "Marendic, Vlatko"]
[Result "1-0"]
[WhiteElo "2358"]
[BlackElo "2125"]
[PlyCount "76"]
[EventDate "2011.08.05"]
[EventType "swiss"]
[EventRounds "9"]
[EventCountry "CRO"]
[SourceTitle "CBM 143 Extra"]
[Source "ChessBase"]
[SourceDate "2011.08.29"]
[SourceVersion "1"]
[SourceVersionDate "2011.08.29"]
[SourceQuality "1"]

1. d4 Nf6 2. Nf3 c5 3. d5 a6 4. a4 e6 5. c4 exd5 6. cxd5 Bd6 7. Nc3 0-0 8. Bg5 h6 9. Bh4 Re8 10. e3 Bc7 11. Be2 d6 12. Nd2 Nbd7 13. 0-0 Rb8 14. Qc2 Nf8 15. h3 Bd7 16. Nde4 g5 17. Bg3 Nxe4 18. Nxe4 Bf5 19. Bd3 Bg6 20. Nd2 Bxd3 21. Qxd3 Qf6 22. f4 Qe7 23. fxg5 hxg5 24. Rf3 Ng6 25. Raf1 Rf8 26. Ne4 b5 27. Nf6+ Kg7 28. axb5 axb5 29. Qf5 c4 30. Qxg5 b4 31. h4 c3 32. h5 Bd8 33. bxc3 b3 34. hxg6 fxg6 35. Nh5+ Kh7 36. Qxe7+ Bxe7 37. Rxf8 Rxf8 38. Rxf8 Bxf8 1-0

[Event "SLO-ch blind int 8th"]
[Site "Izola"]
[Date "2009.06.17"]
[Round "4"]
[White "Marendic, Vlatko"]
[Black "Cabarkapa, Milenko"]
[Result "1/2-1/2"]
[WhiteElo "2080"]
[BlackElo "2212"]
[PlyCount "101"]
[EventDate "2009.06.15"]
[EventType "swiss"]
[EventRounds "7"]
[EventCountry "SLO"]
[SourceTitle "EXT 2011"]
[Source "ChessBase"]
[SourceDate "2010.11.26"]
[SourceVersion "1"]
[SourceVersionDate "2010.11.26"]
[SourceQuality "1"]

1. d4 Nf6 2. Nf3 g6 3. Nc3 d5 4. Bf4 c6 5. e3 Bg7 6. Be2 Nbd7 7. Ne5 Nxe5 8. Bxe5 0-0 9. h4 Qa5 10. Qd2 b5 11. Bf3 Be6 12. h5 b4 13. Ne2 Ne4 14. Bxe4 dxe4 15. Bxg7 Kxg7 16. Nf4 Bg4 17. h6+ Kg8 18. a3 Rab8 19. 0-0 Rfd8 20. f3 exf3 21. gxf3 Bd7 22. d5 Qc5 23. axb4 Qxb4 24. Qxb4 Rxb4 25. Rfd1 Ra8 26. dxc6 Bxc6 27. Rxa7 Re8 28. Nd3 Bxf3 29. Nxb4 Bxd1 30. Rd7 Bf3 31. Kf2 Be4 32. c4 f5 33. Nd5 Bxd5 34. Rxd5 Kf7 35. Rb5 Rc8 36. c5 Ke6 37. b4 g5 38. Kf3 Kd5 39. Rb7 Re8 40. e4+ fxe4+ 41. Ke3 g4 42. Rd7+ Kc6 43. Rd4 Rg8 44. Kxe4 Rg6 45. Kf4 g3 46. Rd1 g2 47. Rg1 Rxh6 48. Rxg2 Rh4+ 49. Ke5 Rxb4 50. Rh2 Kxc5 51. Rxh7 1/2-1/2

[Event "Zagreb op-B"]
[Site "Zagreb"]
[Date "2009.03.26"]
[Round "6"]
[White "Vukovic, Ivo"]
[Black "Marendic, Vlatko"]
[Result "1/2-1/2"]
[WhiteElo "2286"]
[BlackElo "2081"]
[PlyCount "20"]
[EventDate "2009.03.21"]
[EventType "swiss"]
[EventRounds "9"]
[EventCountry "CRO"]
[SourceTitle "CBM 129 Extra"]
[Source "ChessBase"]
[SourceDate "2009.05.05"]
[SourceVersion "2"]
[SourceVersionDate "2009.05.20"]
[SourceQuality "1"]

1. e4 c5 2. Nf3 Nc6 3. d3 g6 4. Nbd2 Bg7 5. g3 d6 6. Bg2 e5 7. 0-0 Nge7 8. c3 0-0 9. Qc2 b5 10. a3 Rb8 1/2-1/2

[Event "Zagreb op-B"]
[Site "Zagreb"]
[Date "2009.03.22"]
[Round "2"]
[White "Petrovic, Zvonko"]
[Black "Marendic, Vlatko"]
[Result "1-0"]
[WhiteElo "2256"]
[BlackElo "2081"]
[PlyCount "115"]
[EventDate "2009.03.21"]
[EventType "swiss"]
[EventRounds "9"]
[EventCountry "CRO"]
[SourceTitle "CBM 129 Extra"]
[Source "ChessBase"]
[SourceDate "2009.05.05"]
[SourceVersion "2"]
[SourceVersionDate "2009.05.20"]
[SourceQuality "1"]

1. Nf3 c5 2. g3 b6 3. Bg2 Bb7 4. 0-0 Nf6 5. d3 d6 6. e4 Nbd7 7. Nbd2 g6 8. Re1 Qc7 9. a4 Bg7 10. Nc4 Ng4 11. c3 0-0 12. Na3 a6 13. d4 e5 14. d5 Bc8 15. h3 Nh6 16. Ng5 Re8 17. Qd3 Nf8 18. f4 f6 19. Nf3 Bd7 20. b3 Qb8 21. Bd2 b5 22. axb5 axb5 23. fxe5 fxe5 24. Bf1 Qb6 25. Be3 Reb8 26. b4 Nf7 27. c4 bxc4 28. bxc5 cxd3 29. cxb6 Bh6 30. Bxh6 Nxh6 31. Nc4 Rxa1 32. Rxa1 Nf7 33. Rb1 Bc8 34. Na5 Ba6 35. Nd2 Nd7 36. Ndc4 Nc5 37. Nc6 Rf8 38. N4a5 Ng5 39. Nb4 Nf3+ 40. Kg2 Nd2 41. Nxa6 Ncxe4 42. b7 Nxb1 43. Bxd3 Nbc3 44. Bxe4 Nxe4 45. b8Q Rxb8 46. Nxb8 Nf6 47. Nc4 Nxd5 48. Nxd6 Nf6 49. Kf3 Kg7 50. Nc6 Nd7 51. Ke4 Kf6 52. Nc4 Nc5+ 53. Kd5 Nd3 54. N6xe5 Nf2 55. Ng4+ Nxg4 56. hxg4 h5 57. Ne3 Kg5 58. Ke4 1-0

[Event "IBCA-ol blind 13th"]
[Site "Heraklion"]
[Date "2008.10.19"]
[Round "1.2"]
[White "Managias, Alexios"]
[Black "Marendic, Vlatko"]
[Result "0-1"]
[WhiteElo "1400"]
[BlackElo "2089"]
[PlyCount "44"]
[EventDate "2008.10.19"]
[EventType "team-swiss"]
[EventRounds "9"]
[EventCountry "GRE"]
[SourceTitle "EXT 2010"]
[Source "ChessBase"]
[SourceDate "2010.11.25"]
[SourceVersion "1"]
[SourceVersionDate "2010.11.25"]
[SourceQuality "1"]
[WhiteTeam "Greece (blind) II"]
[BlackTeam "Croatia (blind)"]
[WhiteTeamCountry "GRE"]
[BlackTeamCountry "CRO"]

1. e4 c5 2. Nf3 Nc6 3. d4 cxd4 4. Nxd4 Nf6 5. Nc3 e5 6. Nb3 Bb4 7. Bd3 d5 8. exd5 Nxd5 9. Bd2 Bxc3 10. bxc3 0-0 11. 0-0 b6 12. c4 Nde7 13. c5 Be6 14. cxb6 axb6 15. Bc3 Ra4 16. Bb5 Ra7 17. Qxd8 Rxd8 18. Rfd1 Rxd1+ 19. Rxd1 Rxa2 20. Bxe5 f6 21. Bc7 Rxc2 22. Nd2 Nd4 0-1

[Event "SLO-ch blind int 7th"]
[Site "Izola"]
[Date "2007.06.14"]
[Round "2"]
[White "Cabarkapa, Milenko"]
[Black "Marendic, Vlatko"]
[Result "1/2-1/2"]
[WhiteElo "2197"]
[BlackElo "2115"]
[PlyCount "28"]
[EventDate "2007.06.13"]
[EventType "swiss"]
[EventRounds "7"]
[EventCountry "SLO"]
[SourceTitle "EXT 2023"]
[Source "ChessBase"]
[SourceDate "2022.10.05"]
[SourceVersion "1"]
[SourceVersionDate "2022.10.05"]
[SourceQuality "1"]

1. Nf3 f5 2. g3 Nf6 3. Bg2 g6 4. 0-0 Bg7 5. d4 c6 6. c4 d6 7. Nc3 0-0 8. Qc2 Na6 9. a3 Qe8 10. b4 e5 11. b5 Nc7 12. dxe5 dxe5 13. bxc6 bxc6 14. Bb2 Rb8 1/2-1/2

[Event "IBCA Wch blind 11th"]
[Site "Goa"]
[Date "2006.10.12"]
[Round "4"]
[White "Hengles, Roberto Carlos"]
[Black "Marendic, Vlatko"]
[Result "0-1"]
[WhiteElo "1965"]
[BlackElo "2139"]
[PlyCount "56"]
[EventDate "2006.10.09"]
[EventType "swiss"]
[EventRounds "9"]
[EventCountry "IND"]
[SourceTitle "CBM 114 Extra"]
[Source "ChessBase"]
[SourceDate "2006.11.03"]
[SourceVersion "1"]
[SourceVersionDate "2006.11.03"]
[SourceQuality "1"]

1. e4 c5 2. Nf3 e6 3. d4 cxd4 4. Nxd4 Nf6 5. Bd3 a6 6. 0-0 Qc7 7. c4 Bd6 8. h3 h5 9. Nc3 Bh2+ 10. Kh1 Be5 11. Nf3 Bd6 12. Qe2 Nc6 13. Bd2 Ng4 14. Rac1 Bc5 15. Be3 Bxe3 16. fxe3 Qg3 17. Na4 Nce5 18. Bb1 Nxf3 19. gxf3 Qxh3+ 20. Kg1 Qg3+ 21. Kh1 Rh6 22. Nb6 Rb8 23. c5 Qh3+ 24. Kg1 Ne5 25. Qh2 Nxf3+ 26. Rxf3 Qxf3 27. e5 Qxe3+ 28. Kg2 Qxc1 0-1

[Event "IBCA Wch blind 11th"]
[Site "Goa"]
[Date "2006.10.11"]
[Round "3"]
[White "Marendic, Vlatko"]
[Black "Larduet Despaigne, Carlos"]
[Result "0-1"]
[WhiteElo "2139"]
[BlackElo "2308"]
[PlyCount "28"]
[EventDate "2006.10.09"]
[EventType "swiss"]
[EventRounds "9"]
[EventCountry "IND"]
[SourceTitle "CBM 114 Extra"]
[Source "ChessBase"]
[SourceDate "2006.11.03"]
[SourceVersion "1"]
[SourceVersionDate "2006.11.03"]
[SourceQuality "1"]

1. d4 d5 2. Nf3 Nf6 3. Nbd2 Bf5 4. c4 c6 5. Qb3 Qc7 6. Ne5 e6 7. Ndf3 h6 8. Bd2 Ne4 9. g4 Bh7 10. cxd5 exd5 11. Rc1 Qb6 12. e3 Qxb3 13. axb3 Bd6 14. Bd3 f6 0-1

[Event "SLO-ch blind int 6th"]
[Site "Izola"]
[Date "2005.06.17"]
[Round "5"]
[White "Mlacnik, Janez"]
[Black "Marendic, Vlatko"]
[Result "0-1"]
[WhiteElo "2023"]
[BlackElo "2095"]
[PlyCount "86"]
[EventDate "2005.06.13"]
[EventType "swiss"]
[EventRounds "7"]
[EventCountry "SLO"]
[SourceTitle "EXT 2019"]
[Source "ChessBase"]
[SourceDate "2018.10.10"]
[SourceVersion "1"]
[SourceVersionDate "2018.10.10"]
[SourceQuality "1"]

1. e4 c5 2. Nf3 Nc6 3. d4 cxd4 4. c3 Nf6 5. e5 Nd5 6. cxd4 e6 7. Nc3 Nxc3 8. bxc3 d6 9. exd6 Bxd6 10. Bd3 b6 11. 0-0 Bb7 12. Re1 Ne7 13. Bb5+ Kf8 14. Bg5 h6 15. Bxe7+ Qxe7 16. c4 Qf6 17. Ne5 Bxe5 18. dxe5 Qg5 19. f3 Rd8 20. Qe2 Rd2 21. Qf1 Ke7 22. Rad1 Rhd8 23. Rxd2 Rxd2 24. Re2 Qf4 25. Rxd2 Qxd2 26. Qb1 Qd4+ 27. Kf1 Qxe5 28. Qb4+ Qc5 29. Qxc5+ bxc5 30. Ke2 Kd6 31. Ke3 Bc6 32. a4 a6 33. Bxa6 Bxa4 34. Kd3 Bc6 35. Ke3 Kc7 36. Kf4 Kb6 37. Bc8 Bb7 38. Bd7 Ba6 39. Be8 f6 40. Bf7 Bxc4 41. Ke4 Kc6 42. g3 Kd6 43. f4 g5 0-1

[Event "SLO-ch blind int 6th"]
[Site "Izola"]
[Date "2005.06.15"]
[Round "3"]
[White "Cizman, Gregor"]
[Black "Marendic, Vlatko"]
[Result "1/2-1/2"]
[WhiteElo "1904"]
[BlackElo "2095"]
[PlyCount "105"]
[EventDate "2005.06.13"]
[EventType "swiss"]
[EventRounds "7"]
[EventCountry "SLO"]
[SourceTitle "EXT 2019"]
[Source "ChessBase"]
[SourceDate "2018.10.10"]
[SourceVersion "1"]
[SourceVersionDate "2018.10.10"]
[SourceQuality "1"]

1. d4 f5 2. Nf3 Nf6 3. e3 g6 4. b3 Bg7 5. Bb2 Ne4 6. Nbd2 0-0 7. Bd3 d5 8. c4 e6 9. 0-0 Nd7 10. b4 c6 11. c5 Qc7 12. g3 e5 13. dxe5 Nxe5 14. Nxe5 Bxe5 15. Qc2 Be6 16. a3 Nxd2 17. Qxd2 Rad8 18. Qc2 Bxb2 19. Qxb2 d4 20. Rfe1 Qg7 21. exd4 Qxd4 22. Qxd4 Rxd4 23. Rxe6 Rxd3 24. Re7 Rf7 25. Re2 f4 26. a4 a6 27. b5 Rc3 28. bxc6 bxc6 29. Re8+ Rf8 30. Re5 Rf5 31. Re8+ Kf7 32. Ra8 f3 33. Rxa6 Rfxc5 34. h4 h5 35. Ra7+ Kf6 36. Rd7 g5 37. hxg5+ Kxg5 38. Rd4 Rc1+ 39. Rxc1 Rxc1+ 40. Kh2 Rf1 41. Rf4 Rxf2+ 42. Kh3 Ra2 43. Rxf3 Rxa4 44. Rc3 Ra6 45. Rc5+ Kg6 46. Kh4 Rb6 47. Rxh5 Rb4+ 48. g4 c5 49. Kg3 Rb3+ 50. Kf4 Rb4+ 51. Kf3 Rc4 52. Rf5 Kg7 53. Ke3 1/2-1/2

[Event "Ostrava SME op"]
[Site "Ostrava"]
[Date "2005.05.08"]
[Round "9"]
[White "Marendic, Vlatko"]
[Black "Bartos, Jan"]
[Result "0-1"]
[WhiteElo "2095"]
[BlackElo "2293"]
[PlyCount "30"]
[EventDate "2005.04.30"]
[EventType "swiss"]
[EventRounds "9"]
[EventCountry "CZE"]
[SourceTitle "CBM 106 Extra"]
[Source "ChessBase"]
[SourceDate "2005.07.01"]
[SourceVersion "1"]
[SourceVersionDate "2005.07.01"]
[SourceQuality "1"]

1. d4 d5 2. Nf3 Nf6 3. Bf4 c5 4. c3 cxd4 5. Nxd4 g6 6. Nb5 Na6 7. e3 Bg7 8. Be5 0-0 9. Be2 Ne8 10. Bxg7 Nxg7 11. g4 f5 12. gxf5 Bxf5 13. Nd4 e5 14. Nxf5 Nxf5 15. Nd2 Nxe3 0-1

[Event "Ostrava SME op"]
[Site "Ostrava"]
[Date "2005.05.07"]
[Round "8"]
[White "Sekac, Martin"]
[Black "Marendic, Vlatko"]
[Result "0-1"]
[WhiteElo "2124"]
[BlackElo "2095"]
[PlyCount "60"]
[EventDate "2005.04.30"]
[EventType "swiss"]
[EventRounds "9"]
[EventCountry "CZE"]
[SourceTitle "CBM 106 Extra"]
[Source "ChessBase"]
[SourceDate "2005.07.01"]
[SourceVersion "1"]
[SourceVersionDate "2005.07.01"]
[SourceQuality "1"]

1. e4 c5 2. Nf3 Nc6 3. d4 cxd4 4. Nxd4 Nf6 5. Nc3 Qb6 6. Nb3 e6 7. Be3 Qc7 8. Qd2 a6 9. a3 b5 10. f3 Be7 11. g4 Ne5 12. Be2 Nc4 13. Bxc4 bxc4 14. Nd4 Rb8 15. Rb1 d6 16. 0-0 0-0 17. b4 cxb3 18. cxb3 Nd7 19. Rfc1 Qb7 20. b4 Ne5 21. Qe2 Bd7 22. Nb3 f5 23. Na5 Qa8 24. gxf5 exf5 25. Nd5 Bd8 26. Nc4 Bb5 27. Bd4 fxe4 28. Bxe5 Qxd5 29. Bg3 exf3 30. Qd2 Bxc4 0-1

[Event "Ostrava SME op"]
[Site "Ostrava"]
[Date "2005.05.01"]
[Round "2"]
[White "Hradecky, Ivo"]
[Black "Marendic, Vlatko"]
[Result "0-1"]
[WhiteElo "2056"]
[BlackElo "2095"]
[PlyCount "66"]
[EventDate "2005.04.30"]
[EventType "swiss"]
[EventRounds "9"]
[EventCountry "CZE"]
[SourceTitle "CBM 106 Extra"]
[Source "ChessBase"]
[SourceDate "2005.07.01"]
[SourceVersion "1"]
[SourceVersionDate "2005.07.01"]
[SourceQuality "1"]

1. e4 c5 2. Nf3 Nc6 3. d4 cxd4 4. Nxd4 Nf6 5. Nc3 e5 6. Ndb5 d6 7. Bg5 a6 8. Na3 b5 9. Nd5 Be7 10. Bxf6 Bxf6 11. c3 0-0 12. Nc2 Bg5 13. a4 bxa4 14. Rxa4 a5 15. Bc4 Kh8 16. Nce3 Bd7 17. Ra2 g6 18. 0-0 Be6 19. Qa4 Ne7 20. Nxe7 Qxe7 21. Bxe6 fxe6 22. Nc4 Qc7 23. Nxa5 Bd8 24. b4 Qxc3 25. Rd1 Bb6 26. Rc2 Rxf2 27. Rxc3 Ra2+ 28. Kf1 Rxa4 29. Rxd6 Rxb4 30. Nc6 Ra1+ 31. Ke2 Rxe4+ 32. Kf3 Rf4+ 33. Kg3 Bf2+ 0-1